LEADER 01195nam1-2200409---450- 001 990001170550203316 005 20030911115614.0 035 $a000117055 035 $aUSA01000117055 035 $a(ALEPH)000117055USA01 035 $a000117055 100 $a20030905g20------km-y0itaa50------ba 101 0 $aita 102 $aIT 105 $ay---z---001yy 200 1 $a<> testo, l'analisi, l'interpretazione$fDante Della Terza ... [et al.] 210 $aNapoli$cLiguori$d[20-?]- 215 $av.$d22 cm 225 2 $aStrumenti 410 0$12001$aStrumenti 454 1 $12001 463 \1$1001990001139950203316$12001 $a<> Studi di teoria e critica letteraria 606 0 $aCritica letteraria 606 0 $aErmeneutica 676 $a801.95 702 1$aDELLA TERZA,$bDante 801 0$aIT$bsalbc$gISBD 912 $a990001170550203316 951 $aV C 1971/$bL.M.$cV C 951 $a801.95 TES/$bDLAS$c801.95 959 $aBK 969 $aUMA 979 $aANGELA$b90$c20030905$lUSA01$h1205 979 $aANGELA$b90$c20030911$lUSA01$h1156 979 $aPATRY$b90$c20040406$lUSA01$h1724 996 $aTesto, l'analisi, l'interpretazione$9568623 997 $aUNISA LEADER 02560nam 2200409 450 001 9910466662603321 005 20200120090953.0 010 $a2-335-06702-8 035 $a(CKB)3790000000023426 035 $a(EBL)2086579 035 $a(MiAaPQ)EBC2086579 035 $a(Au-PeEL)EBL2086579 035 $a(OCoLC)914153205 035 $a(EXLCZ)993790000000023426 100 $a20200120d2015 uy 0 101 0 $afre 135 $aur|n|---||||| 181 $ctxt$2rdacontent 182 $cc$2rdamedia 183 $acr$2rdacarrier 200 03$aLe naufrage de La Jeannette dans l'oce?an glacial arctique $eRaconte? par les membres de l'expe?dition /$fAnonyme 210 1$a[Place of publication not identified] :$cLigaran,$d[2015] 210 4$d©2015 215 $a1 online resource (383 p.) 300 $aDescription based upon print version of record. 327 $aCouverture; Page de Copyright; Page de titre; Chapitre pre?liminaire; CHAPITRE PREMIER - « La Jeannette » - Son e?quipage; CHAPITRE DEUXIE?ME - De?part de San Francisco; CHAPITRE TROISIE?ME - Traverse?e de San Francisco a? Oonalachka; CHAPITRE QUATRIE?ME - Saint-Michel de l'Alaska; CHAPITRE CINQUIE?ME; CHAPITRE SIXIE?ME; CHAPITRE SEPTIE?ME - Seconde anne?e dans les glaces; CHAPITRE HUITIE?ME - Perte de « la Jeannette »; CHAPITRE NEUVIE?ME - La retraite; CHAPITRE DIXIE?ME - L'i?le Bennett - La se?paration; CHAPITRE ONZIE?ME - Parmi les Tongouses; CHAPITRE DOUZIE?ME 327 $aCHAPITRE TREIZIE?ME - De?couverte de la troupe de de LongCHAPITRE QUATORZIE?ME - Les derniers jours de de Long et de son parti 330 $a Extrait : ""Avant de pre?senter au lecteur les diffe?rents membres de l'expe?dition arctique projete?e par M. Bennett, nous devons lui faire connaissance avec le navire destine? a? leur servir de demeure pendant les longs mois qu'ils seront sans doute condamne?s a? passer au milieu des glaces polaires. La Jeannette est un navire mixte, gre?e? en barque. C'est un navire bas et e?lance?, qui a e?te? construit pour le compte du gouvernement anglais.""A? PROPOS DES E?DITIONS LIGARANLes e?ditions LIGARAN proposent des versions nume?riques de qualite? de grands livres de la litte?rature classique mais e?galement des li 608 $aElectronic books. 676 $a910.452 801 0$bMiAaPQ 801 1$bMiAaPQ 801 2$bMiAaPQ 906 $aBOOK 912 $a9910466662603321 996 $aLe naufrage de La Jeannette dans l'oce?an glacial arctique$91927170 997 $aUNINA